[Event "Linares 75/281"]
[Site "?"]
[Date "1999.??.??"]
[Round "?"]
[White "Topalov, Veselin"]
[Black "Kramnik, Vladimir"]
[Result "1/2-1/2"]
[WhiteElo "2700"]
[BlackElo "2751"]
[PlyCount "63"]
[EventDate "1999.??.??"]
[Source "ChessBase"]
[SourceDate "1999.02.01"]

1. e4 e5 2. Nf3 Nf6 3. Nxe5 d6 4. Nxf7 Kxf7 5. Nc3 c5 6. Bc4+ Be6 7. Bxe6+ Kxe6 8. d4 Kf7 9. dxc5 Nc6 10. Qe2 Qd7 11. Be3 dxc5 12. f4 Re8 13. e5 Ng4 14. Rd1 Qf5 15. O-O h5 16. Bc1 Nd4 17. Qc4+ Kg6 18. h3 Nh6 19. Nb5 a6 20. Nxd4 cxd4 21. Qxd4 Rc8 22. Qb6+ Kh7 23. Qxb7 Rxc2 24. Be3 Qg6 25. Rc1 Rxc1 26. Rxc1 Nf5 27. Bf2 h4 28. Rc7 Ng3 29. Kh2 Nf1+ 30. Kg1 Qb1 31. Bxh4 Bc5+ 32. Rxc5 1/2-1/2

[Event "67th ch-GEO KO 3rd-4th"]
[Site "Tbilisi GEO"]
[Date "2008.03.31"]
[Round "5.4"]
[White "Shanava, K."]
[Black "Mchedlishvili, M."]
[Result "1-0"]
[WhiteElo "2521"]
[BlackElo "2635"]
[PlyCount "105"]
[EventDate "2008.03.15"]
[Source "www.chesslib.no"]
[SourceDate "2004.05.04"]

1. e4 e5 2. Nf3 Nf6 3. Nxe5 d6 4. Nxf7 Kxf7 5. d4 Be7 6. Nc3 c6 7. Bd3 Re8 8. O-O Kg8 9. h3 Na6 10. a3 g6 11. f4 Bf8 12. f5 gxf5 13. Bg5 Bg7 14. Kh1 Nc7 15. Qf3 Qd7 16. Rae1 d5 17. e5 Ne4 18. Nxe4 dxe4 19. Rxe4 Qf7 20. Rh4 Be6 21. c4 Rf8 22. g4 Bxc4 23. Bxc4 Qxc4 24. gxf5 Rf7 25. Rg1 Qd5 26. Qxd5 Nxd5 27. f6 Kh8 28. fxg7+ Rxg7 29. Rhg4 Rg6 30. h4 Rag8 31. h5 R6g7 32. R4g2 Rf7 33. h6 Rg6 34. Bd2 Ne7 35. Rxg6 hxg6 36. Bg5 Nf5 37. e6 Rf8 38. e7 Re8 39. Kg2 Kh7 40. Rf1 Kg8 41. Rf3 Kf7 42. Rb3 b6 43. Rc3 Nxd4 44. h7 Rh8 45. Re3 Ke8 46. Bf6 Rxh7 47. Bxd4 Rxe7 48. Be5 c5 49. Kf3 Kd7 50. Rd3+ Kc6 51. Rd6+ Kb5 52. Ke4 a5 53. a4+ 1-0

[Event "Keres mem rap"]
[Site "Tallinn"]
[Date "2004.01.04"]
[Round "7"]
[White "Sulskis, Sarunas"]
[Black "Rytshagov, Mikhail"]
[Result "1/2-1/2"]
[WhiteElo "2582"]
[BlackElo "2465"]
[PlyCount "38"]
[EventDate "2004.01.03"]
[Source "ChessBase"]
[SourceDate "2004.06.01"]

1. e4 e5 2. Nf3 Nf6 3. Nxe5 d6 4. Nxf7 Kxf7 5. d4 c5 6. Bc4+ Be6 7. Bxe6+ Kxe6 8. Nc3 cxd4 9. Qxd4 Nc6 10. Qc4+ Kd7 11. Bf4 Qa5 12. O-O-O Re8 13. Kb1 Kc8 14. Bxd6 Bxd6 15. Rxd6 Qe5 16. Rhd1 Nxe4 17. Rxc6+ bxc6 18. Qxc6+ Qc7 19. Qa8+ Qb8 1/2-1/2

[Event "It (Open) INT"]
[Site "?"]
[Date "2006.05.06"]
[Round "?"]
[White "Chuprov Dmitry"]
[Black "Nepomniachtchi Ian"]
[Result "1-0"]
[WhiteElo "2525"]
[BlackElo "2506"]
[PlyCount "109"]
[EventDate "2006.??.??"]
[Source "www.chesslib.no"]
[SourceDate "2004.05.04"]

1. e4 e5 2. Nf3 Nf6 3. Nxe5 d6 4. Nxf7 Kxf7 5. d4 Qe8 6. Nc3 g6 7. Bc4+ Be6 8. Bxe6+ Qxe6 9. O-O Bg7 10. Qd3 Re8 11. Re1 Kg8 12. Bg5 Nbd7 13. f4 c5 14. d5 Qf7 15. Nb5 Qf8 16. Nc7 Nh5 17. Nxa8 Rxa8 18. Rf1 Bxb2 19. Rab1 Bd4+ 20. Kh1 b6 21. e5 Ng7 22. c3 dxe5 23. cxd4 exd4 24. Bh6 Qf5 25. Qf3 Nf6 26. Bxg7 Kxg7 27. Rbe1 Qxd5 28. Qh3 Re8 29. Rxe8 Nxe8 30. Re1 Qf7 31. Qc8 Nf6 32. Qd8 Nd5 33. g3 Ne3 34. Re2 Qd5+ 35. Qxd5 Nxd5 36. Kg2 d3 37. Re5 Nc3 38. Re7+ Kf6 39. Rd7 c4 40. Kf3 Ke6 41. Rd8 Nd5 42. Ke4 c3 43. Kxd3 c2 44. Kxc2 Ne3+ 45. Kd3 Nf5 46. Ra8 a5 47. Ra6 Kd5 48. Rxb6 Nd4 49. Ra6 Ne6 50. Rxa5+ Kd6 51. Ra6+ Kd5 52. Rxe6 Kxe6 53. Ke4 Kf6 54. g4 g5 55. f5 1-0

[Event "Memorial Keres A"]
[Site "Tallinn EST"]
[Date "2007.01.08"]
[Round "4"]
[White "Sulskis, S."]
[Black "Liiva, R."]
[Result "1-0"]
[WhiteElo "2525"]
[BlackElo "2439"]
[PlyCount "61"]
[EventDate "2007.01.06"]
[Source "www.chesslib.no"]
[SourceDate "2004.05.04"]

1. e4 e5 2. Nf3 Nf6 3. Nxe5 d6 4. Nxf7 Kxf7 5. d4 Qe8 6. Nc3 d5 7. e5 Bb4 8. Bd3 Ne4 9. O-O Nxc3 10. bxc3 Bxc3 11. Rb1 Nc6 12. Bb5 Kg8 13. Rb3 a6 14. Ba4 b5 15. Rxc3 bxa4 16. Rc5 Be6 17. f4 Bf5 18. c4 dxc4 19. d5 Nb4 20. d6 cxd6 21. exd6 Qg6 22. Qd4 Bd3 23. Re1 h6 24. Re7 Qf6 25. Bb2 Qxd4+ 26. Bxd4 Rd8 27. Rxg7+ Kf8 28. Bf6 h5 29. d7 Rh6 30. Bxd8 Kxg7 31. Bf6+ 1-0

[Event "Memorial M.Najdorf (open)"]
[Site "Grodzisk Mazowiecki (Poland)"]
[Date "2007.07.22"]
[Round "3"]
[White "Sulskis Sarunas (LTU)"]
[Black "Nurkiewicz Maciej (POL)"]
[Result "1-0"]
[WhiteElo "2537"]
[BlackElo "2411"]
[PlyCount "43"]
[EventDate "2007.??.??"]
[Source "www.chesslib.no"]
[SourceDate "2004.05.04"]

1. e4 e5 2. Nf3 Nf6 3. Nxe5 d6 4. Nxf7 Kxf7 5. d4 Qe8 6. Nc3 Na6 7. Bc4+ Be6 8. Bxa6 bxa6 9. O-O g6 10. f4 Qc6 11. d5 Qb6+ 12. Kh1 Bg4 13. Qd3 Re8 14. Be3 c5 15. b4 Qxb4 16. Rab1 Qa5 17. f5 gxf5 18. h3 Bh5 19. Rb7+ Re7 20. e5 Rxb7 21. Qxf5 Kg8 22. Ne4 1-0

[Event "Cannes op"]
[Site "Cannes"]
[Date "1995.??.??"]
[Round "7"]
[White "Mestrovic, Zvonimir"]
[Black "Howell, James C"]
[Result "0-1"]
[WhiteElo "2415"]
[BlackElo "2520"]
[PlyCount "96"]
[EventDate "1995.02.??"]
[Source "ChessBase"]

1. e4 e5 2. Nf3 Nf6 3. Nxe5 d6 4. Nxf7 Kxf7 5. d4 c5 6. Bc4+ d5 7. exd5 Bd6 8. O-O cxd4 9. Qxd4 Re8 10. Nc3 Bf5 11. Bf4 a6 12. Rae1 Kg8 13. Rxe8+ Nxe8 14. Re1 b5 15. Bb3 Nd7 16. a4 Qf6 17. Qxf6 Ndxf6 18. Bg3 Bxg3 19. hxg3 Nd6 20. Ra1 b4 21. Ne2 Nd7 22. Nd4 Nc5 23. Re1 Bd7 24. a5 Nxb3 25. cxb3 Kf7 26. Nf3 Re8 27. Rc1 Rc8 28. Re1 Kf8 29. Nd4 Rc5 30. Nf3 Rxd5 31. Ne5 Be8 32. f4 Rxa5 33. Rd1 Ke7 34. Rc1 Rd5 35. Rc7+ Kf8 36. Ra7 a5 37. Kh2 Ne4 38. g4 Nd2 39. g5 Nxb3 40. Ra8 Nc1 41. g6 h6 42. Nc4 Nd3 43. g3 a4 44. Nb6 Rd6 45. Nxa4 Rxg6 46. Rb8 Re6 47. b3 Kf7 48. Nb6 Bc6 0-1

[Event "Sokolsky Memorial"]
[Site "Minsk BLR"]
[Date "1988.??.??"]
[Round "?"]
[White "Vitolins, Alvis"]
[Black "Dautov, Rustem"]
[Result "0-1"]
[WhiteElo "2415"]
[BlackElo "2515"]
[PlyCount "60"]
[EventDate "1988.??.??"]
[Source "www.chesslib.no"]
[SourceDate "2004.05.04"]

1. e4 e5 2. Nf3 Nf6 3. Nxe5 d6 4. Nxf7 Kxf7 5. d4 c5 6. dxc5 Nc6 7. Bc4+ Be6 8. Bxe6+ Kxe6 9. O-O d5 10. e5 Ne4 11. Qg4+ Kf7 12. Qf5+ Ke8 13. Nc3 Nd4 14. Qh3 Qd7 15. e6 Qxe6 16. Qd3 Nxc3 17. bxc3 Ne2+ 18. Kh1 Nxc1 19. Raxc1 Kf7 20. Rce1 Qc6 21. Qf5+ Kg8 22. Re6 Qd7 23. Qe5 Bxc5 24. f4 h5 25. f5 Bf8 26. f6 Qf7 27. Rf3 Rh6 28. Rg3 Rg6 29. Rxg6 Qxg6 30. Qxd5 Qf7 0-1

[Event "Groningen GAM"]
[Site "Groningen NED"]
[Date "1995.??.??"]
[Round "?"]
[White "Brenninkmeijer, Joris"]
[Black "Reinderman, Dimitri"]
[Result "0-1"]
[WhiteElo "2490"]
[BlackElo "2440"]
[PlyCount "144"]
[EventDate "1995.??.??"]
[Source "www.chesslib.no"]
[SourceDate "2004.05.04"]

1. e4 e5 2. Nf3 Nf6 3. Nxe5 d6 4. Nxf7 Kxf7 5. d4 Qe8 6. Nc3 d5 7. e5 Bb4 8. Qf3 Kg8 9. a3 Bxc3+ 10. Qxc3 Nc6 11. Be2 Nd7 12. Be3 Nb6 13. O-O-O h5 14. g3 Bf5 15. h3 Qe6 16. Rh2 Rf8 17. f3 Bxh3 18. Rdh1 Bf5 19. Rxh5 Rxh5 20. Rxh5 Nc4 21. g4 Bg6 22. Rh1 Nxe3 23. Qxe3 Qf7 24. Kd2 Nd8 25. c3 Ne6 26. Bd1 c6 27. Ke1 Bh7 28. Kf2 Qf4 29. Qxf4 Nxf4 30. Ke3 g5 31. Rh2 Bg6 32. Bb3 Kf7 33. Ba2 b6 34. c4 Rc8 35. Rh1 Ke7 36. Bb3 Bf7 37. Rh7 Rg8 38. Ba2 Kf8 39. cxd5 cxd5 40. Bb1 Ke7 41. Bf5 Ne6 42. Rh6 Rc8 43. Bxe6 Bxe6 44. Rh5 Rg8 45. Rh7+ Bf7 46. f4 gxf4+ 47. Kxf4 Rc8 48. Kf5 Rc2 49. g5 Rf2+ 50. Kg4 Kf8 51. Rh8+ Kg7 52. Ra8 a5 53. Ra7 Kg6 54. Re7 Rd2 55. e6 Rxd4+ 56. Kf3 Bg8 57. Re8 Bh7 58. Rb8 Kxg5 59. e7 Bg6 60. e8=Q Bxe8 61. Rxe8 Rd2 62. Ke3 Rxb2 63. Re5+ Kf6 64. Rxd5 Ke6 65. Rd3 Ke5 66. Rc3 Kd5 67. a4 Rb4 68. Ra3 Kc4 69. Kd2 Rb3 70. Ra1 Kb4 71. Kc2 Rc3+ 72. Kb2 Rh3 0-1

[Event "Roemer op 2nd"]
[Site "Rommelshausen"]
[Date "2002.06.29"]
[Round "3"]
[White "Starostits, Ilmars"]
[Black "Seres, Lajos"]
[Result "0-1"]
[WhiteElo "2438"]
[BlackElo "2483"]
[PlyCount "60"]
[EventDate "2002.06.28"]
[Source "ChessBase"]
[SourceDate "2002.09.11"]

1. e4 e5 2. Nf3 Nf6 3. Nxe5 d6 4. Nxf7 Kxf7 5. d4 c5 6. dxc5 Nc6 7. Bc4+ Be6 8. Bxe6+ Kxe6 9. Qe2 Kf7 10. Nc3 Qd7 11. O-O Re8 12. cxd6 Bxd6 13. f4 Bb4 14. e5 Bxc3 15. bxc3 Nd5 16. Ba3 Qe6 17. Rae1 g6 18. Rf3 h5 19. Rb1 b6 20. Qe4 Nde7 21. Rd1 Nf5 22. c4 Rd8 23. Rd5 Nce7 24. Rfd3 Rc8 25. Rd6 Nxd6 26. Rxd6 Qxc4 27. e6+ Ke8 28. Qe5 Rh7 29. Rd7 Qc3 30. Qe4 Qxa3 0-1

[Event "Groningen GAM"]
[Site "Groningen NED"]
[Date "1995.??.??"]
[Round "?"]
[White "Bosboom, Manuel"]
[Black "Brenninkmeijer, Joris"]
[Result "1-0"]
[WhiteElo "2430"]
[BlackElo "2490"]
[PlyCount "49"]
[EventDate "1995.??.??"]
[Source "www.chesslib.no"]
[SourceDate "2004.05.04"]

1. e4 e5 2. Nf3 Nf6 3. Nxe5 d6 4. Nxf7 Kxf7 5. Nc3 Qe8 6. d4 d5 7. e5 Bb4 8. Bd3 Ne4 9. O-O Nxc3 10. bxc3 Bxc3 11. Rb1 Kg8 12. Rb3 Bxd4 13. Bb5 c6 14. Qxd4 cxb5 15. Bh6 Be6 16. Rg3 g6 17. f4 Nc6 18. Qd3 d4 19. Qe4 Bd7 20. f5 Qxe5 21. Qd3 Nb4 22. Qb3+ Nd5 23. fxg6 hxg6 24. Rxg6+ Kh7 25. Qd3 1-0

[Event "FRA Ch"]
[Site "Toulouse FRA"]
[Date "1995.??.??"]
[Round "11"]
[White "Santo Roman, Marc"]
[Black "Hauchard, Arnaud"]
[Result "0-1"]
[WhiteElo "2465"]
[BlackElo "2445"]
[PlyCount "58"]
[EventDate "1995.08.??"]
[Source "www.chesslib.no"]
[SourceDate "2004.05.04"]

1. e4 e5 2. Nf3 Nf6 3. Nxe5 d6 4. Nxf7 Kxf7 5. d4 Be7 6. Nc3 Re8 7. Bc4+ Be6 8. Bxe6+ Kxe6 9. Qf3 Kf7 10. Be3 Nc6 11. g4 Kg8 12. O-O-O Nd7 13. Qg2 Nb6 14. Kb1 d5 15. e5 Bb4 16. Ne2 Nc4 17. Bc1 a5 18. f4 Bf8 19. f5 a4 20. Nf4 Ra5 21. c3 Rb5 22. Qe2 N6a5 23. Kc2 c6 24. Rde1 Qb6 25. Nd3 Rb3 26. Kd1 a3 27. bxa3 Rxc3 28. Bb2 Rxd3+ 29. Qxd3 Nxb2+ 0-1

[Event "Novak Nikolic mem 2nd"]
[Site "Belgrade"]
[Date "2000.02.04"]
[Round "2"]
[White "Vuckovic, Bojan"]
[Black "Govedarica, Radovan"]
[Result "1-0"]
[WhiteElo "2427"]
[BlackElo "2483"]
[PlyCount "63"]
[EventDate "2000.02.02"]
[Source "ChessBase"]
[SourceDate "2000.05.31"]

1. e4 e5 2. Nf3 Nf6 3. Nxe5 d6 4. Nxf7 Kxf7 5. d4 Qe8 6. Nc3 g6 7. Bd3 Nc6 8. Be3 Kg7 9. O-O Nb4 10. h3 Nxd3 11. Qxd3 Rg8 12. e5 dxe5 13. dxe5 Nd7 14. Nd5 Nc5 15. Qc3 Ne6 16. Nxc7 Qd7 17. Nxa8 b6 18. Rad1 Qb7 19. Rd8 Be7 20. Rxg8+ Kxg8 21. Nxb6 axb6 22. Bxb6 Qxb6 23. Qxc8+ Kg7 24. c3 Nf4 25. Qd7 Kf8 26. b4 Qa6 27. b5 Qa4 28. Re1 Qc2 29. b6 Qxc3 30. Re3 Qa1+ 31. Kh2 Qf1 32. Qg4 1-0

[Event "Tashkent"]
[Site "Tashkent UZB"]
[Date "1992.??.??"]
[Round "?"]
[White "Nadyrhanov, Sergey"]
[Black "Safin, Shukhrat"]
[Result "1-0"]
[WhiteElo "2445"]
[BlackElo "2450"]
[PlyCount "69"]
[EventDate "1992.??.??"]
[Source "www.chesslib.no"]
[SourceDate "2004.05.04"]

1. e4 e5 2. Nf3 Nf6 3. Nxe5 d6 4. Nxf7 Kxf7 5. d4 Be7 6. Nc3 Re8 7. Bc4+ Kf8 8. O-O c6 9. Bb3 Qa5 10. Bf4 Qh5 11. Qd2 d5 12. f3 Be6 13. g4 Qg6 14. e5 Nxg4 15. fxg4 Qxg4+ 16. Kh1 Kg8 17. Rf2 Rf8 18. Rg1 Qh5 19. Ne4 Nd7 20. c3 Kh8 21. Qe3 h6 22. Ng3 Qf7 23. Qe2 Bh4 24. Bc2 Bxg3 25. Rxg3 g5 26. Be3 Qg7 27. Rxf8+ Rxf8 28. Bxg5 Qf7 29. Bxh6 Rg8 30. Bg5 Rg7 31. Rf3 Qg8 32. Qf2 Qe8 33. Bf6 Nxf6 34. exf6 Rg4 35. f7 1-0

[Event "Groningen GAM"]
[Site "Groningen NED"]
[Date "1995.??.??"]
[Round "?"]
[White "Reinderman, Dimitri"]
[Black "Bosboom, Manuel"]
[Result "0-1"]
[WhiteElo "2440"]
[BlackElo "2430"]
[PlyCount "58"]
[EventDate "1995.??.??"]
[Source "www.chesslib.no"]
[SourceDate "2004.05.04"]

1. e4 e5 2. Nf3 Nf6 3. Nxe5 d6 4. Nxf7 Kxf7 5. Bc4+ d5 6. exd5 Bd6 7. O-O Rf8 8. d4 Kg8 9. h3 Bf5 10. Bb3 b5 11. a4 bxa4 12. Rxa4 Qe8 13. Nd2 Qg6 14. Kh1 Bg4 15. Nf3 Qh5 16. Kg1 Nbd7 17. Re1 Kh8 18. hxg4 Nxg4 19. Re4 Bh2+ 20. Kf1 Ndf6 21. Re6 Bg3 22. Be3 Nxe3+ 23. fxe3 Ng4 24. Ke2 Rxf3 25. Rxa7 Rff8 26. Qa1 Rxa7 27. Qxa7 Qh1 28. Kd3 Qf1+ 29. Kc3 Be1# 0-1

[Event "Groningen GAM"]
[Site "Groningen NED"]
[Date "1995.??.??"]
[Round "?"]
[White "Hoeksema, Hendrik Pieter"]
[Black "Reinderman, Dimitri"]
[Result "0-1"]
[WhiteElo "2415"]
[BlackElo "2440"]
[PlyCount "46"]
[EventDate "1995.??.??"]
[Source "www.chesslib.no"]
[SourceDate "2004.05.04"]

1. e4 e5 2. Nf3 Nf6 3. Nxe5 d6 4. Nxf7 Kxf7 5. d4 Qe8 6. Bd3 Nc6 7. c3 d5 8. e5 Nxe5 9. dxe5 Qxe5+ 10. Qe2 Qxe2+ 11. Kxe2 Bg4+ 12. f3 Re8+ 13. Kd1 Bh5 14. Bf4 c6 15. Nd2 Bg6 16. Bxg6+ hxg6 17. Re1 g5 18. Rxe8 Kxe8 19. Bb8 Kd7 20. Nf1 Bc5 21. Bg3 Nh5 22. Kd2 Nxg3 23. hxg3 Rh1 0-1

[Event "Groningen GAM"]
[Site "Groningen NED"]
[Date "1995.??.??"]
[Round "?"]
[White "Hoeksema, Hendrik Pieter"]
[Black "Bosboom, Manuel"]
[Result "0-1"]
[WhiteElo "2415"]
[BlackElo "2430"]
[PlyCount "88"]
[EventDate "1995.??.??"]
[Source "www.chesslib.no"]
[SourceDate "2004.05.04"]

1. e4 e5 2. Nf3 Nf6 3. Nxe5 d6 4. Nxf7 Kxf7 5. d4 c5 6. dxc5 Nc6 7. Bc4+ Be6 8. Bxe6+ Kxe6 9. Nc3 Qe8 10. Qe2 Rd8 11. Bf4 Kf7 12. O-O-O d5 13. e5 d4 14. Nb5 Qe6 15. Rhe1 Nd5 16. Bg5 Be7 17. Bxe7 Ndxe7 18. Nd6+ Kg8 19. Kb1 g6 20. f4 Kg7 21. g4 Rhf8 22. Rf1 b6 23. Ne4 Nb4 24. a3 d3 25. cxd3 Qa2+ 26. Kc1 Qa1+ 27. Kd2 Rxd3+ 28. Ke1 Rxd1+ 29. Qxd1 Nd3+ 30. Kd2 Qxd1+ 31. Rxd1 Nxf4 32. cxb6 axb6 33. Rc1 Rd8+ 34. Nd6 Ned5 35. Rc6 Kf8 36. Rc8 Rxc8 37. Nxc8 Kf7 38. Nd6+ Ke6 39. Nc4 h5 40. gxh5 gxh5 41. b4 h4 42. Ke1 Kf5 43. Kf2 Nd3+ 44. Kf3 Nxe5+ 0-1

[Event "Chigorin mem"]
[Site "St Petersburg"]
[Date "1998.11.07"]
[Round "7"]
[White "Salinnikov, Denis Y"]
[Black "Gutow, Andrey"]
[Result "1-0"]
[WhiteElo "2485"]
[BlackElo "2350"]
[PlyCount "81"]
[EventDate "1998.10.31"]
[Source "ChessBase"]
[SourceDate "1999.01.01"]

1. e4 e5 2. Nf3 Nf6 3. Nxe5 d6 4. Nxf7 Kxf7 5. d4 Be7 6. Nc3 c6 7. Bd3 Qa5 8. O-O Re8 9. f4 Qh5 10. Qd2 Kg8 11. f5 Nbd7 12. Ne2 d5 13. Nf4 Qh6 14. Qe2 Bd6 15. g3 dxe4 16. Bc4+ Kh8 17. Ng6+ hxg6 18. Bxh6 gxh6 19. Bf7 Re7 20. Bxg6 Nf8 21. h3 Kg7 22. Qe3 Nxg6 23. fxg6 Nd5 24. Qb3 Bxh3 25. Rf7+ Rxf7 26. gxf7 b6 27. c4 Nf6 28. Kh2 Bg4 29. c5 bxc5 30. dxc5 Bxc5 31. Rc1 Bd4 32. Rxc6 e3 33. f8=Q+ Rxf8 34. Rc7+ Kg6 35. Qd3+ Bf5 36. Qxd4 Re8 37. Rc6 Be6 38. Qd3+ Kg7 39. Rc7+ Kh8 40. Qg6 Ng4+ 41. Kg1 1-0

[Event "EU Ch U18"]
[Site "Vejen DEN"]
[Date "1993.??.??"]
[Round "11"]
[White "Savko, Alexei"]
[Black "Bauer, Christian"]
[Result "0-1"]
[WhiteElo "2340"]
[BlackElo "2485"]
[PlyCount "52"]
[EventDate "1993.??.??"]
[Source "www.chesslib.no"]
[SourceDate "2004.05.04"]

1. e4 e5 2. Nf3 Nf6 3. Nxe5 d6 4. Nxf7 Kxf7 5. d4 c5 6. dxc5 d5 7. e5 Qe8 8. f4 Bg4 9. Be2 Bxe2 10. Qxe2 Ne4 11. Be3 Na6 12. Nd2 Nxd2 13. Qxd2 Rd8 14. O-O-O Bxc5 15. Bd4 Rf8 16. f5 Rg8 17. Rhf1 Qa4 18. Bxc5 Nxc5 19. Kb1 Ne4 20. Qd3 Qc4 21. Qe3 Rde8 22. Qf4 g5 23. Qe3 Rxe5 24. g4 d4 25. Qc1 Nc3+ 26. bxc3 Rb5+ 0-1

[Event "CZE Team Ch 9495"]
[Site "Czech Republic"]
[Date "1995.??.??"]
[Round "10"]
[White "Gross, David"]
[Black "Tichy, Vladimir"]
[Result "1/2-1/2"]
[WhiteElo "2425"]
[BlackElo "2375"]
[PlyCount "78"]
[EventDate "1994.??.??"]
[Source "www.chesslib.no"]
[SourceDate "2004.05.04"]

1. e4 e5 2. Nf3 Nf6 3. Nxe5 d6 4. Nxf7 Kxf7 5. d4 c6 6. Bd3 Be7 7. O-O Qa5 8. f4 Bg4 9. Qe1 Qxe1 10. Rxe1 Re8 11. Bd2 Na6 12. h3 Bd7 13. g4 g6 14. a3 Nc7 15. e5 dxe5 16. dxe5 Nxg4 17. hxg4 Bxg4 18. Nc3 Ne6 19. Be3 Nc5 20. Bxc5 Bxc5+ 21. Kg2 Rad8 22. Ne4 Be7 23. Kg3 h5 24. Re3 Kg7 25. Rf1 Rf8 26. Rfe1 Bf5 27. b4 b6 28. Nf2 Be6 29. Rg1 Kh6 30. Kh2 g5 31. fxg5+ Bxg5 32. Nh3 Bxh3 33. Rxh3 Rf2+ 34. Kg3 Rdf8 35. Rxh5+ Kxh5 36. Rh1+ Bh4+ 37. Rxh4+ Kg5 38. Rg4+ Kh5 39. Rh4+ Kg5 1/2-1/2

[Event "Corr"]
[Site "?"]
[Date "1997.??.??"]
[Round "?"]
[White "Koch Christian"]
[Black "Kulashko Alexei"]
[Result "1-0"]
[WhiteElo "2390"]
[BlackElo "2390"]
[PlyCount "55"]
[EventDate "1997.??.??"]
[Source "www.chesslib.no"]
[SourceDate "2004.05.04"]

1. e4 e5 2. Nf3 Nf6 3. Nxe5 d6 4. Nxf7 Kxf7 5. d4 c5 6. dxc5 Nc6 7. Bc4+ Be6 8. Bxe6+ Kxe6 9. O-O d5 10. Nc3 d4 11. Na4 Qc7 12. e5 Nd5 13. f4 Rd8 14. f5+ Kf7 15. Bg5 Qxe5 16. Bxd8 Nxd8 17. Re1 Ne3 18. c3 Qe4 19. Qe2 Be7 20. Rad1 Nc6 21. cxd4 Bg5 22. Nc3 Qh4 23. g3 Nxd4 24. gxh4 Nxe2+ 25. Nxe2 Nxd1 26. hxg5 Rd8 27. b4 Nb2 28. Ng3 1-0

[Event "LAT-ch"]
[Site "LAT"]
[Date "1994.??.??"]
[Round "2"]
[White "Savko, Alexei"]
[Black "Meijers, Viesturs"]
[Result "1-0"]
[WhiteElo "2365"]
[BlackElo "2415"]
[PlyCount "51"]
[EventDate "1994.??.??"]
[Source "ChessBase"]

1. e4 e5 2. Nf3 Nf6 3. Nxe5 d6 4. Nxf7 Kxf7 5. d4 c5 6. dxc5 Qe8 7. Nc3 d5 8. Bg5 Nbd7 9. Bb5 Qe6 10. O-O Bxc5 11. exd5 Qf5 12. Qd2 Ne5 13. Rae1 a6 14. Be2 Rd8 15. Kh1 Bb4 16. f4 Ng6 17. Bd3 Qd7 18. f5 Nf8 19. d6 Kg8 20. Bc4+ Kh8 21. Bxf6 gxf6 22. Qd5 Qg7 23. Re7 Qg4 24. h3 Rxd6 25. Qf7 Be6 26. Qxf6+ 1-0

[Event "Memorial Narciso Yepes (open)"]
[Site "Lorca (Spain)"]
[Date "2007.06.??"]
[Round "5"]
[White "Valmana Canto Jaime (ESP)"]
[Black "Perez Rodney (CUB)"]
[Result "0-1"]
[WhiteElo "2338"]
[BlackElo "2421"]
[PlyCount "54"]
[EventDate "2007.??.??"]
[Source "www.chesslib.no"]
[SourceDate "2004.05.04"]

1. e4 e5 2. Nf3 Nf6 3. Nxe5 d6 4. Nxf7 Kxf7 5. Nc3 c5 6. Bc4+ Be6 7. Bxe6+ Kxe6 8. d4 cxd4 9. Qxd4 Nc6 10. Qc4+ Kd7 11. Bf4 Qe8 12. O-O-O Qe6 13. Qa4 Kc8 14. Rhe1 Be7 15. Nd5 Rd8 16. Re3 Nh5 17. g3 Nxf4 18. gxf4 Kb8 19. Rb3 Qd7 20. Ra3 Bf8 21. Nb6 axb6 22. Qxa8+ Kc7 23. Qa4 Qg4 24. f5 Qf4+ 25. Rd2 Be7 26. Kd1 Bg5 27. Rdd3 Qxf2 0-1

[Event "HUN-chT 0102"]
[Site "?"]
[Date "2001.09.30"]
[Round "1"]
[White "Medvegy Zoltan"]
[Black "Lengyel Levente"]
[Result "1-0"]
[WhiteElo "2430"]
[BlackElo "2310"]
[PlyCount "43"]
[EventDate "2001.??.??"]
[Source "www.chesslib.no"]
[SourceDate "2004.05.04"]

1. e4 e5 2. Nf3 Nf6 3. Nxe5 d6 4. Nxf7 Kxf7 5. Nc3 c5 6. Bc4+ Be6 7. Bxe6+ Kxe6 8. d4 Qb6 9. dxc5 Qxc5 10. Be3 Qc4 11. Qf3 Nc6 12. O-O-O Kf7 13. g4 Ne5 14. Qg2 Nexg4 15. Bd4 Ne5 16. f4 Nc6 17. e5 dxe5 18. fxe5 Rd8 19. exf6 Rxd4 20. fxg7 Bxg7 21. Rdf1+ Rf4 22. Nd5 1-0

[Event "Groningen NED"]
[Site "Groningen NED"]
[Date "1995.??.??"]
[Round "2"]
[White "Van Wessel, Rudy"]
[Black "Houtman, Joop"]
[Result "1-0"]
[WhiteElo "2330"]
[BlackElo "2405"]
[PlyCount "89"]
[EventDate "1995.??.??"]
[Source "www.chesslib.no"]
[SourceDate "2004.05.04"]

1. e4 e5 2. Nf3 Nf6 3. Nxe5 d6 4. Nxf7 Kxf7 5. d4 c5 6. dxc5 Nc6 7. Bc4+ Be6 8. Bxe6+ Kxe6 9. cxd6 Qxd6 10. Nd2 Re8 11. c3 Kd7 12. f3 Kc8 13. Qa4 Qd3 14. Qd1 Bd6 15. Qe2 Qxe2+ 16. Kxe2 b5 17. a4 a6 18. axb5 axb5 19. Nb3 Kb7 20. Be3 Ra8 21. g3 Rhc8 22. Rhd1 Rxa1 23. Rxa1 b4 24. c4 Kb8 25. c5 Be5 26. Ra2 Rd8 27. f4 Bd4 28. Ra6 Bxe3 29. Rxc6 Bg1 30. e5 Nd5 31. Rd6 Kc7 32. h4 Rxd6 33. cxd6+ Kc6 34. Nd2 Bd4 35. b3 Nc3+ 36. Kf3 Kd7 37. Nc4 Ke6 38. f5+ Kd7 39. e6+ Kc6 40. g4 Bc5 41. d7 Kc7 42. g5 Nb5 43. Ke4 Be7 44. Ke5 Nd6 45. Ne3 1-0

[Event "Balaton op"]
[Site "?"]
[Date "1999.??.??"]
[Round "9"]
[White "Galyas Miklos"]
[Black "Pasztor Ferenc"]
[Result "1-0"]
[WhiteElo "2440"]
[BlackElo "2295"]
[PlyCount "35"]
[EventDate "1999.??.??"]
[Source "www.chesslib.no"]
[SourceDate "2004.05.04"]

1. e4 e5 2. Nf3 Nf6 3. Nxe5 d6 4. Nxf7 Kxf7 5. d4 g6 6. Nc3 Bg7 7. Bc4+ Be6 8. Bxe6+ Kxe6 9. O-O Kf7 10. f4 d5 11. e5 Ne4 12. f5 Nxc3 13. bxc3 Nc6 14. Qf3 Re8 15. Qh3 gxf5 16. Qxh7 Ne7 17. Bg5 Rh8 18. Rxf5+ 1-0

[Event "Trenque Lauquen Masters"]
[Site "?"]
[Date "1998.10.05"]
[Round "?"]
[White "Mahia Gustavo"]
[Black "Diaz Nahuel"]
[Result "1-0"]
[WhiteElo "2375"]
[BlackElo "2355"]
[PlyCount "105"]
[EventDate "1998.??.??"]
[Source "www.chesslib.no"]
[SourceDate "2004.05.04"]

1. e4 e5 2. Nf3 Nf6 3. Nxe5 d6 4. Nxf7 Kxf7 5. d4 c6 6. Bd3 g6 7. O-O Be7 8. Nc3 Kg7 9. f4 Rf8 10. f5 gxf5 11. exf5 Kh8 12. Ne2 Na6 13. c4 Bd7 14. Nf4 Qe8 15. Qf3 Qf7 16. Bd2 Nc7 17. Rae1 d5 18. Qg3 Nce8 19. Ng6+ hxg6 20. fxg6 Qg7 21. Qh4+ Kg8 22. Re5 Ne4 23. Qh7+ Qxh7 24. gxh7+ Kh8 25. Rxe7 Rxf1+ 26. Kxf1 Bf5 27. Bf4 Ng3+ 28. hxg3 Bxd3+ 29. Kf2 Bxh7 30. cxd5 cxd5 31. Rxb7 Kg8 32. Be5 Be4 33. b4 a6 34. a4 Rc8 35. b5 axb5 36. axb5 Rc1 37. Ke3 Bxg2 38. b6 Rb1 39. Kf4 Kf8 40. Kf5 Bh3+ 41. Kg6 Be6 42. Kg5 Bc8 43. Rb8 Bh3 44. g4 Kf7 45. b7 Ng7 46. Rh8 Ne6+ 47. Kh4 Bf1 48. b8=Q Rxb8 49. Rxb8 Bd3 50. Rb7+ Kg6 51. Re7 Nf8 52. Rg7+ Kh6 53. g5# 1-0

[Event "FIN-chT Champs 0203"]
[Site "Finland"]
[Date "2003.03.15"]
[Round "8"]
[White "Kokkila, Tero"]
[Black "Pihlajasalo, Antti"]
[Result "0-1"]
[WhiteElo "2307"]
[BlackElo "2423"]
[PlyCount "78"]
[EventDate "2002.09.21"]
[Source "Roberto Alvarez"]
[SourceDate "2003.03.10"]

1. e4 e5 2. Nf3 Nf6 3. Nxe5 d6 4. Nxf7 Kxf7 5. d4 Qe8 6. Nc3 g6 7. Bc4+ Be6 8. Qe2 d5 9. exd5 Bg4 10. d6+ Kg7 11. f3 Qxe2+ 12. Nxe2 Bd7 13. dxc7 Na6 14. Bf4 Nxc7 15. Be5 Be6 16. Bxe6 Nxe6 17. O-O-O Kf7 18. Nc3 Bh6+ 19. Kb1 Rhd8 20. Ne4 Ne8 21. f4 Kg8 22. Rhf1 Bg7 23. c3 Rd7 24. Rd3 N8c7 25. Kc2 Rf8 26. Rdf3 Nd5 27. Kb3 b5 28. g3 a6 29. a3 Nb6 30. Bxg7 Kxg7 31. Re3 Nc4 32. Re2 Rxd4 33. Ng5 Nc5+ 34. Ka2 Rd7 35. b3 Rd2+ 36. Rxd2 Nxd2 37. Rd1 Ndxb3 38. Rd6 Re8 39. a4 bxa4 0-1